Nové Mesto n. Váh. Masarykovo námestie

Zobrazenie: Pohľad v bielom orámovaní na námestie. Vpravo v popredí vidno sochu sv. Floriána ohradenú kovovým plotom. Vľavo v pozadí aj vpravo v pozadí vidno rady budov kolmé na seba. Vľavo pred budovami vidno tri listnaté stromy, vpravo v popredí časť jedného. Za sochou sv. Floriána je jeden automo...

Full description

Bibliographic Details
Format: Postcard
Language:Slovak
PhysicalDescription:1 pohľadnica čiernobiela 9 x 15 cm
Published: Holice Grafo Čuda [medzi 1921 a 1955?]
Subjects:

MARC

LEADER 00000nkm a2200000 a 4500
001 vtls011905946
003 SK-MaSNL
005 20260512123729.0
007 kp bo
008 231120q1921 xr g kuslo
015 |a SNBG 
035 |a urn:nbn:sk:snk-km00e9sq 
035 |a urn:nbn:sk:snk-km43hdh 
035 |a 67B85496-FE71-492C-B23A-978D8022C430 
040 |a SNK  |b slo  |c SNK  |e AACR2 
041 0 |a slo 
043 |a e-xo--- 
044 |a xr  |c CZ 
072 7 |a 913  |x Regionálna geografia  |2 konspekt 
080 |a 913(437.6)  |2 2011 
080 |a 711.61  |2 2011 
080 |a (084.121)  |2 2011 
080 |a 27-526.64  |2 2011 
080 |a 725  |2 2011 
080 |a 726:27-523.42  |2 2011 
245 0 0 |a Nové Mesto n. Váh.  |h grafika  |b Masarykovo námestie 
260 |a Holice  |b Grafo Čuda  |c [medzi 1921 a 1955?] 
300 |a 1 pohľadnica  |b čiernobiela  |c 9 x 15 cm 
520 8 |a Zobrazenie: Pohľad v bielom orámovaní na námestie. Vpravo v popredí vidno sochu sv. Floriána ohradenú kovovým plotom. Vľavo v pozadí aj vpravo v pozadí vidno rady budov kolmé na seba. Vľavo pred budovami vidno tri listnaté stromy, vpravo v popredí časť jedného. Za sochou sv. Floriána je jeden automobil, a vpravo od neho na námestí skupinka ľudí. Vľavo je tiež niekoľko ľudí. Vľavo medzi budovami vidno aj obchod Slovenka. Vedľa nej je Módny dom, vpravo od neho vidno hostinec a celkom vpravo je nápis Noviny. V rade budov vpravo v pozadí vidno nápisy Ignác Pick a Novomestská úverová banka uč. spol. Za budovami vpravo vyčnieva veža Rímskokatolícky kostol narodenia Panny Márie 
610 2 7 |a Rímskokatolícky kostol Narodenia Panny Márie (Nové Mesto nad Váhom, Slovensko)  |2 SNKKA  |9 193897 
650 0 7 |a námestia  |2 SNKPH  |9 26291 
650 0 7 |a sochy  |2 SNKPH  |9 29846 
650 0 7 |a obchody  |2 SNKPH  |9 3004 
650 0 7 |a kostoly  |2 SNKPH  |9 3023 
650 0 7 |a Socha sv. Floriána (Nové Mesto nad Váhom, Slovensko)  |2 SNKPH  |9 300021 
651 7 |a Nové Mesto nad Váhom (Slovensko)  |2 SNKPHgeo  |9 28941 
655 7 |a miestne pohľadnice  |2 SNKPH  |9 70510 
852 |a Slovenská národná knižnica 
954 |a pohľadnice pôvodné (slovenské)  |2 lita 
954 |a pohľadnice cudzojazyčné (svetové)  |2 lita 
958 |a OND 
958 |a GBN 
958 |a GC 
958 |a EUIPO 
999 |c 779849  |d 781779 
952 |a SNK  |b SNK  |y PREZ  |7 0  |p 17A1382048  |o snkSP 72654  |0 0  |1 0  |4 0  |d 2019-12-09  |f 1  |l 0  |r 2026-02-24 01:01:35  |w 2026-02-24